| 000 | 00649nam a22002297a 4500 | ||
|---|---|---|---|
| 003 | OSt | ||
| 005 | 20260428082947.0 | ||
| 008 | 260428b |||||||| |||| 00| 0 eng d | ||
| 020 | _a981-254-325-2 | ||
| 040 |
_aDWC-Main lib. _cOC |
||
| 082 |
_26th ed. _aCirc. 530 Se69c 2003 |
||
| 100 | _aSerway, Raymond A. | ||
| 245 |
_aCollege physics/ _cRaymond A. Serway |
||
| 260 |
_aAustralia : _bBrooks / Cole, _cc2003. |
||
| 300 |
_axxix, 966 p. ; _c25 cm. |
||
| 504 | _aIncludes index. | ||
| 650 | _a1. Physics. | ||
| 700 | _aFaughn, Jerry S. | ||
| 700 | _aMoses, Clement J. | ||
| 760 | _b6th ed. | ||
| 942 |
_2ddc _cBK-CIRC _e6th ed. _hCirc. _n0 |
||
| 999 |
_c10038 _d10038 |
||